25 najbardziej wartościowych Polskich piłkarzy. - Statystyki

Ogólne statystyki
  • Ten quiz został rozwiązany 305 razy
  • Średni wynik to 13 z 25
Statystyki odpowiedzi
miejce Wartość Zawodnik % Poprawnych
1 45,00 mln € Robert Lewandowski
100%
6 15,00 mln € Wojciech Szczęsny
96%
2 40,00 mln € Piotr Zieliński
89%
5 16,00 mln € Arkadiusz Milik
86%
4 22,00 mln € Jan Bednarek
77%
3 25,00 mln € Matty Cash
75%
13 8,00 mln € Grzegorz Krychowiak
74%
8 12,00 mln € Krzysztof Piątek
74%
10 12,00 mln € Nicola Zalewski
67%
18 5,00 mln € Karol Świderski
57%
24 4,00 mln € Bartosz Bereszyński
56%
9 12,00 mln € Jakub Moder
55%
23 4,00 mln € Łukasz Skorupski
55%
17 6,00 mln € Bartłomiej Drągowski
53%
7 14,00 mln € Sebastian Szymański
52%
12 9,00 mln € Adam Buksa
51%
11 10,00 mln € Jakub Kamiński
43%
14 8,00 mln € Przemysław Frankowski
42%
15 8,00 mln € Kacper Kozłowski
27%
25 4,00 mln € Krystian Bielik
27%
21 4,50 mln € Tomasz Kędziora
25%
16 7,00 mln € Szymon Żurkowski
23%
22 4,50 mln € Paweł Dawidowicz
17%
20 5,00 mln € Sebastian Walukiewicz
15%
19 5,00 mln € Kamil Piątkowski
13%
Nie znaleziono quizów pasujących do podanych kryteriów
Rozkład punktacji
Procent ludzi z każdym wynikiem
Percentyl według liczby udzielonych odpowiedzi
Twoja historia wyników
Nie rozwiązałeś tego quizu